000 01066cam a2200301 i 4500
001 46581
003 Mx-PuUPA
005 20220408103059.0
008 140415s1963 sp a gre 000 0 spa d
017 _aM.2-1963
040 _aMx-PuUPA
_bspa
_cMx-PuUPA
_dMx-PuUPA
_erda
041 0 _aspa
100 1 _aAguado Bleye, Pedro,
_d1884-1953
_eautor
_912445
245 1 0 _aManual de historia de España.
_nTomo I.
_pPrehistoria edades antigua y media /
_cpor Pedro Aguado Bleye ; prólogo y revisión por Cayetano Alcázar Molina
246 1 0 _aPrehistoria edades antigua y media
250 _aNovena edición
264 1 _aMadrid :
_bEspasa-Calpe,
_c1963
300 _a1071 páginas :
_bilustraciones ;
_c25 cm
336 _2rdacontent
_atexto
_btxt
336 _2rdacontent
_aimagen fija
_bsti
337 _2rdamedia
_asin medio
_bn
338 _2rdacarrier
_avolumen
_bnc
650 7 _2armarc
_aEspaña
_xHistoria
700 1 _aAlcázar Molina, Cayetano,
_eprologuista
942 _2ddc
_cLI
_h946
_iA282
999 _c46581
_d46581